[Event "Niedersachsen-ch 2020"]
[Site "Verden-Aller"]
[Date "2020.01.04"]
[Round "5.1"]
[White "Voege, Tobias"]
[Black "Abel, Dennes"]
[Result "1/2-1/2"]
[WhiteElo "2310"]
[BlackElo "2463"]
[Annotator "TA"]
[PlyCount "168"]
[EventDate "2020.01.02"]
[EventType "swiss"]
[EventCountry "GER"]
[SourceTitle "playchess.com"]
[Source "ChessBase"]
[SourceQuality "1"]

{[%evp 9,168,-10,-16,-8,-20,-14,-29,-40,-27,-33,-45,-24,-30,-29,-29,-48,-47,-48,-51,-33,-25,-15,-2,-57,-37,-146,-112,-113,-89,-150,-69,-78,-78,-64,-4,-43,-29,-27,0,0,0,-50,25,24,26,-103,-97,-145,-138,-138,-143,-174,-160,-175,-177,-221,-175,-248,-238,-243,-240,-242,-236,-217,-223,-508,-466,-481,-291,-419,-383,-358,-271,-313,-324,-325,-187,-305,0,-338,-320,-306,-295,-253,0,-294,-292,-293,-281,-284,-202,-279,-139,-139,0,-241,-87,-137,-87,-83,-83,-75,-84,-93,-59,-71,-31,-34,-34,-65,-72,-60,-56,-54,-54,-411,-411,-411,-411,-411,-411,-411,-411,-411,-411,-411,-411,-411,-411,-404,-8,-8,-8,-8,-8,-8,-8,-8,-8,-8,-8,-8,-8,-8,-8,-8,0,0,0,0,0,0,0,-8,-8,-8,-8,-8,0,0,0]} 1. d4 d5 ({Predecessor:} 1... Nf6 2. c4 c6 3. Nc3 d5 4. cxd5 {½-½ (24) Christiansen,J (2468)-Bai,J (2553) Tarvisio 2017}) 2. c4 c6 3. cxd5 cxd5 4. Nc3 Nf6 5. f3 $146 (5. Bf4 Nc6 6. e3 Bf5 7. Qb3 Na5 8. Qa4+ Bd7 9. Qc2 e6 10. Bd3 Nc6 11. Qe2 Bb4 12. Nf3 Nh5 13. Bg5 Qa5 14. O-O h6 15. Bh4 g5 {½-½ (75) Harikrishna,P (2731)-Carlsen,M (2870) Kolkata 2019}) 5... Qb6 6. e4 {D10: Slav Defence: 3 cxd5 (without early Nf3) and 3 Nc3} dxe4 7. fxe4 e5 $1 {[%cal Re5d4]} 8. Bb5+ {Black has an edge.} Nc6 $1 9. d5 {[%mdl 64] [#] Pin} Bb4 10. Qd3 a6 {And now ...Qxb5 would win.} 11. Ba4 {[%mdl 64] Pin} Qa5 12. Bd1 Nd4 $36 {[%mdl 2048] Black has good play.} 13. Bd2 Bd7 14. Nf3 Nxf3+ 15. Bxf3 Qb6 16. O-O-O (16. Be3 $11 Bc5 17. Bxc5 Qxc5 18. O-O-O) 16... O-O $15 17. g4 ({Better is} 17. Be3 $15 Qa5 18. Kb1) 17... Rfc8 (17... Bxg4 18. Rhg1 $15) 18. Kb1 Ne8 (18... Bxg4 19. Bxg4 Nxg4 20. Rhg1 $15) 19. d6 (19. Rc1 $142) 19... Bc5 (19... Bxd6 $6 20. Nd5 $11) (19... Qxd6 20. Qxd6 Bxd6 21. h4 $15) (19... Nxd6 $2 20. Nd5 $18) (19... Ba3 $1 $17 {[%csl Ga3][%cal Rb6b2]} 20. b3 Qc5) 20. Be3 {[%mdl 64] Decoy} Bxe3 21. Nd5 Qd4 (21... Qxd6 $6 22. Qxe3 Bc6 23. Nb6 $14) ({Black should try} 21... Bb5 $15 22. Qxe3 Qxe3 23. Nxe3 Rd8) 22. Nxe3 $11 Qxd3+ 23. Rxd3 Rc6 24. Rhd1 Kf8 25. b3 b5 (25... g5 $15) 26. g5 Rd8 27. Rd5 (27. h4 $11 {keeps the balance.}) 27... Rc3 $17 28. Re1 Be6 29. Rxe5 Rxd6 (29... Nxd6 30. Bd1 $15) 30. Bh5 g6 31. Nd5 Rh3 32. Nf4 Rxh2 (32... gxh5 33. Nxh3 Bxh3 34. Re3 $17) 33. Rf1 (33. Bd1 {was necessary.}) 33... Bd7 ({Inferior is} 33... gxh5 34. Nxe6+ Kg8 35. Nc5 $15) 34. Be2 Rd2 35. Rd5 Rxd5 (35... Rdxe2 36. Nxe2 Bc6 37. Rd2 $11) 36. exd5 Nd6 {Threatens to win with ...Ne4.} 37. a4 $2 (37. Bd3) 37... bxa4 38. bxa4 a5 39. Bd1 (39. Bd3 {is a better defense.}) 39... Ne4 {...Nd2+ is the strong threat.} 40. Kc1 Nc3 41. Ne6+ Ke7 42. Nc5 Na2+ (42... Nxd5 43. Nxd7 Kxd7 44. Rxf7+ Ne7 45. Bc2 $17) 43. Kb1 Nc3+ 44. Kc1 Bf5 {[%cal Rc3a2]} ({Not} 44... Nxd5 45. Nxd7 Kxd7 46. Rxf7+ Ne7 47. Bc2 $17) 45. Bb3 {Now Re1+ and White clings on.} Ne2+ 46. Kd1 Nc3+ 47. Kc1 Na2+ 48. Kd1 Bg4+ 49. Ke1 {With the idea Rf6.} Re2+ 50. Kd1 Rf2+ (50... Kd6 $19 {has better winning chances.} 51. Nb7+ Kc7 52. Nxa5 f5) 51. Ke1 {[#]} Re2+ (51... Rxf1+ $1 $17 52. Kxf1 Nc3) 52. Kd1 $19 {and the idea Rf6 leaves White hopeful.} Nc3+ (52... Kd6 $19 53. Nb7+ Ke5 54. Nxa5 Ke4 55. Bxa2 Rxa2+ 56. Ke1 Re2+ 57. Kd1 Ra2+ 58. Ke1 Re2+ 59. Kd1 Ra2+) 53. Kc1 $17 Re5 54. d6+ {[%mdl 64] Decoy} Kxd6 55. Nb7+ Kc6 56. Rxf7 Kb6 57. Rxh7 Ne2+ 58. Kb2 Nd4 59. Bc4 Rxg5 60. Nd6 Bf3 61. Kc3 Kc5 {aiming for ...Rg3.} 62. Nc8 $2 {[%mdl 8192]} (62. Nb7+ $15 Bxb7 63. Rxb7) 62... Rg3 $19 63. Rc7+ Bc6+ 64. Bd3 Ne6 65. Ra7 Be4 $1 66. Rxa5+ Kc6 67. Re5 Bxd3 ({Much less strong is} 67... Rxd3+ 68. Kc4) 68. Rxe6+ {[%mdl 4096] Endgame KRB-KRN} Kc7 {Strongly threatening ...Bf5+.} 69. Kd4 Kxc8 $2 {KRB-KR} ({Black should play} 69... Bf5 $19 70. Re7+ Kxc8) 70. Rc6+ $1 $11 {The position is equal.} Kd7 71. Rc3 Rg4+ 72. Kxd3 Rxa4 {KR-KR} 73. Ke3 Ke6 74. Rc5 Kf6 75. Kf3 Kg7 76. Kg3 Kh6 77. Rb5 Ra1 78. Kg4 Rg1+ 79. Kh4 g5+ 80. Kh3 Kh5 81. Rb4 Ra1 82. Kg3 Ra3+ 83. Kg2 g4 84. Rb8 Ra2+ {Accuracy: White = 52%, Black = 61%.} 1/2-1/2

[Event "Niedersachsen-ch 2020"]
[Site "Verden-Aller"]
[Date "2020.01.04"]
[Round "5.2"]
[White "Schulze, Torben Dr."]
[Black "Riemay, David"]
[Result "0-1"]
[WhiteElo "2266"]
[BlackElo "2139"]
[Annotator "NA"]
[PlyCount "66"]
[EventDate "2020.01.02"]
[EventType "swiss"]
[EventCountry "GER"]
[SourceTitle "playchess.com"]
[Source "ChessBase"]
[SourceQuality "1"]
[TimeControl "40/5400+30:1800+30"]

1. e4 {[%emt 0:02:04]} d6 {[%emt 0:01:27]} 2. g3 {[%emt 0:04:13]} e5 {[%emt 0:02:13]} 3. Bg2 {[%emt 0:00:23]} Nf6 {[%emt 0:00:13]} 4. Ne2 {[%emt 0:00:21]} Be7 {[%emt 0:00:17]} 5. O-O {[%emt 0:00:51]} c6 {[%emt 0:00:14]} 6. d4 {[%emt 0:05:41]} Nbd7 {[%emt 0:00:15]} 7. h3 {[%emt 0:05:11] A45: Trompowsky Attack} (7. c4 O-O 8. Nbc3 a6 9. a4 a5 10. h3 Re8 11. Be3 exd4 12. Nxd4 Bf8 13. Qc2 Nc5 14. Rfe1 Qb6 15. f4 g6 16. Bf2 Qc7 {½-½ (37) Baburin,A (2527)-Galego,L (2515) Mallorca 2004}) 7... Qc7 {[%emt 0:00:48]} 8. Be3 $146 {[%emt 0:00:42]} ({Predecessor:} 8. c4 h6 9. Nbc3 g5 10. Be3 Nf8 11. f4 gxf4 12. gxf4 Ng6 13. Qe1 Nh5 14. fxe5 dxe5 15. Qf2 Bg5 16. Rad1 Bxe3 17. Qxe3 Ngf4 18. Nxf4 Nxf4 19. Ne2 Nxg2 20. Kh1 exd4 21. Rxd4 {½-½ (21) Egger,B-Dettler,T Wuerttemberg 1993}) 8... h5 {[%emt 0:08:40]} 9. Qd2 {[%emt 0:02:28]} Nb6 {[%emt 0:02:29]} 10. Qa5 {[%emt 0:11:58]} (10. b3 $14) 10... h4 {[%emt 0:08:51]} 11. g4 {[%emt 0:07:21] [#]} Nxg4 $1 {[%emt 0:07:05]} 12. hxg4 {[%emt 0:01:03]} Bxg4 {[%emt 0:00:11]} 13. f3 {[%emt 0:07:21]} h3 {[%emt 0:00:49]} 14. fxg4 {[%emt 0:02:15]} hxg2 {[%emt 0:01:14]} 15. Kxg2 {[%emt 0:20:13]} Qd7 {[%emt 0:02:24]} 16. Ng3 {[%emt 0:01:11]} Qxg4 {[%emt 0:00:48]} 17. Qe1 {[%emt 0:02:07]} Nc4 {[%emt 0:16:04]} 18. Bf2 {[%emt 0:06:28]} Qh3+ {[%emt 0:15:43]} 19. Kf3 {[%emt 0:00:03]} Rh4 {[%emt 0:07:36]} 20. c3 {[%emt 0:08:49]} d5 {[%emt 0:02:16]} 21. Nd2 {[%emt 0:05:44]} dxe4+ {[%emt 0:00:29]} 22. Ndxe4 {[%emt 0:00:23]} f5 {[%emt 0:00:30]} 23. Ke2 $19 {[%emt 0:02:27]} fxe4 {[%emt 0:01:38]} 24. Kd1 {[%emt 0:00:36]} exd4 {[%emt 0:01:01]} 25. Bxd4 {[%emt 0:01:46]} O-O-O {[%emt 0:00:31]} 26. Kc2 {[%emt 0:00:48]} c5 {[%emt 0:00:51]} 27. Rh1 {[%emt 0:00:29]} Qg2+ {[%emt 0:01:07]} 28. Qf2 {[%emt 0:00:01]} Qxf2+ {[%emt 0:00:15]} 29. Bxf2 {[%emt 0:00:01]} Rd2+ 30. Kb3 b5 {[%emt 0:00:24]} 31. Rab1 {[%emt 0:01:06]} Na5+ {[%emt 0:00:24]} 32. Ka3 {[%emt 0:00:19]} c4+ {[%emt 0:00:09]} 33. b4 {[%emt 0:00:46]} cxb3+ {[%emt 0:00:04]} 0-1

[Event "Niedersachsen-ch 2020"]
[Site "Verden-Aller"]
[Date "2020.01.04"]
[Round "5.3"]
[White "Hartogh, Christian"]
[Black "Renner, Kai"]
[Result "1/2-1/2"]
[WhiteElo "2075"]
[BlackElo "2180"]
[Annotator "ChessBase"]
[PlyCount "57"]
[EventDate "2020.01.02"]
[EventType "swiss"]
[EventCountry "GER"]
[SourceTitle "playchess.com"]
[Source "ChessBase"]
[SourceQuality "1"]
[TimeControl "40/5400+30:1800+30"]

1. e4 {[%emt 0:00:00]} c5 {[%emt 0:00:00]} 2. Nf3 {[%emt 0:00:00]} e6 {[%emt 0:00:00]} 3. d4 {[%emt 0:00:00]} cxd4 {[%emt 0:00:03]} 4. Nxd4 {[%emt 0:00:03]} a6 {[%emt 0:00:26]} 5. Bd3 {[%emt 0:00:44]} g6 {[%emt 0:01:56]} 6. Qe2 {[%emt 0:05:47]} Bg7 {[%emt 0:01:15]} 7. Be3 {[%emt 0:04:08]} Nc6 {[%emt 0:04:57]} 8. Nxc6 {[%emt 0:09:28]} bxc6 {[%emt 0:01:09]} 9. c3 {[%emt 0:04:54]} d5 {[%emt 0:06:07]} 10. Bc5 {[%emt 0:03:09]} Qc7 {[%emt 0:19:23]} 11. O-O {[%emt 0:03:32]} Ne7 {[%emt 0:12:52]} 12. f4 {[%emt 0:07:26]} dxe4 {[%emt 0:07:57]} 13. Bxe4 {[%emt 0:00:45]} O-O {[%emt 0:05:55]} 14. Na3 {[%emt 0:01:47]} a5 {[%emt 0:10:26]} 15. Bd3 {[%emt 0:05:36]} Re8 {[%emt 0:02:01]} 16. Rad1 {[%emt 0:11:23]} Nd5 {[%emt 0:01:41]} 17. g3 {[%emt 0:08:30]} e5 {[%emt 0:06:57]} 18. f5 {[%emt 0:09:30]} e4 {[%emt 0:00:48]} 19. fxg6 {[%emt 0:00:06]} hxg6 {[%emt 0:00:15]} 20. Bc4 {[%emt 0:01:59]} Bh3 {[%emt 0:03:13]} 21. Rfe1 {[%emt 0:03:40]} Rad8 {[%emt 0:00:39]} 22. Nc2 {[%emt 0:01:32]} Bxc3 {[%emt 0:03:36]} 23. bxc3 {[%emt 0:03:06]} Nxc3 {[%emt 0:00:05]} 24. Qe3 {[%emt 0:00:04]} Nxd1 {[%emt 0:00:58]} 25. Qh6 {[%emt 0:00:10]} Qe5 {[%emt 0:08:48]} 26. Qxg6+ {[%emt 0:01:16]} Kh8 {[%emt 0:00:41]} 27. Qh6+ {[%emt 0:10:31]} Kg8 {[%emt 0:00:02]} 28. Qg6+ {[%emt 0:00:05]} Kh8 {[%emt 0:00:03]} 29. Qh6+ {Rd4} 1/2-1/2

[Event "Niedersachsen-ch 2020"]
[Site "Verden-Aller"]
[Date "2020.01.04"]
[Round "5.4"]
[White "Ermel, Dirk"]
[Black "Hampel, Felix"]
[Result "1/2-1/2"]
[WhiteElo "2125"]
[BlackElo "2290"]
[Annotator "ChessBase"]
[PlyCount "29"]
[EventDate "2020.01.02"]
[EventType "swiss"]
[EventCountry "GER"]
[SourceTitle "playchess.com"]
[Source "ChessBase"]
[SourceQuality "1"]
[TimeControl "40/5400+30:1800+30"]

1. e4 {[%emt 0:00:00]} c5 {[%emt 0:00:00]} 2. c4 {[%emt 0:00:00]} Nc6 {[%emt 0:00:04]} 3. Ne2 {[%emt 0:00:00]} e6 {[%emt 0:00:22]} 4. d4 {[%emt 0:00:43]} cxd4 {[%emt 0:00:09]} 5. Nxd4 {[%emt 0:00:10]} Nf6 {[%emt 0:00:06]} 6. Nc3 {[%emt 0:00:15]} Bb4 {[%emt 0:00:10]} 7. Nxc6 {[%emt 0:00:18]} bxc6 {[%emt 0:00:06]} 8. Bd3 {[%emt 0:00:26]} e5 {[%emt 0:00:27]} 9. O-O {[%emt 0:00:41]} O-O {[%emt 0:00:07]} 10. Bg5 {[%emt 0:02:04]} h6 {[%emt 0:00:29]} 11. Be3 {[%emt 0:07:53]} Bxc3 {[%emt 0:04:52]} 12. bxc3 {[%emt 0:00:32]} d6 {[%emt 0:00:08]} 13. h3 {[%emt 0:05:25]} Be6 {[%emt 0:06:07]} 14. f4 {[%emt 0:03:33]} Qe7 {[%emt 0:23:02]} 15. Qf3 {[%emt 0:11:25]} 1/2-1/2

[Event "Niedersachsen-ch 2020"]
[Site "Verden-Aller"]
[Date "2020.01.04"]
[Round "5.5"]
[White "Ewert, Hannes"]
[Black "Mueer, Sebastian"]
[Result "0-1"]
[WhiteElo "2256"]
[BlackElo "2223"]
[Annotator "NA"]
[PlyCount "120"]
[EventDate "2020.01.02"]
[EventType "swiss"]
[EventCountry "GER"]
[SourceTitle "playchess.com"]
[Source "ChessBase"]
[SourceQuality "1"]
[TimeControl "40/5400+30:1800+30"]

1. Nf3 {[%emt 0:00:00]} Nf6 {[%emt 0:05:59]} 2. g3 {[%emt 0:00:00]} g6 {[%emt 0:00:01]} 3. Bg2 {[%emt 0:00:00]} Bg7 {[%emt 0:00:02]} 4. O-O {[%emt 0:00:00]} O-O {[%emt 0:00:44]} 5. b3 {[%emt 0:01:24]} d6 {[%emt 0:00:27]} 6. d4 {[%emt 0:00:11]} e5 {[%emt 0:00:09]} 7. dxe5 {[%emt 0:00:04]} dxe5 {[%emt 0:00:08]} 8. Bb2 {[%emt 0:05:25]} e4 {[%emt 0:02:11]} 9. Qxd8 {[%emt 0:44:37]} Rxd8 {[%emt 0:00:49]} 10. Nfd2 $11 {[%emt 0:00:30]} Bf5 {[%emt 0:36:18]} 11. Nc4 {[%emt 0:00:52]} Nc6 {[%emt 0:02:10]} 12. Nba3 {[%emt 0:13:54]} a6 {[%emt 0:14:03]} 13. Ne3 {[%emt 0:11:25]} Nd5 {[%emt 0:01:58]} 14. Bxg7 {[%emt 0:00:06]} Nxe3 {[%emt 0:01:03]} 15. fxe3 {[%emt 0:00:21]} Kxg7 {[%emt 0:00:06]} 16. Rf4 {[%emt 0:00:25]} Rd2 {[%emt 0:06:18]} 17. g4 {[%emt 0:04:43]} Be6 {[%emt 0:00:17]} 18. Bxe4 {[%emt 0:02:01]} Rxe2 {[%emt 0:01:46]} 19. Nc4 {[%emt 0:05:03]} Bxc4 {[%emt 0:09:32]} 20. Bxc6 {[%emt 0:01:30]} bxc6 {[%emt 0:00:34]} 21. bxc4 {[%emt 0:02:09]} Rd8 {[%emt 0:01:51]} 22. Raf1 {[%emt 0:02:24]} Rd7 {[%emt 0:01:03]} 23. R1f2 {[%emt 0:00:56]} Rxe3 {[%emt 0:01:01]} 24. Rf6 {[%emt 0:01:26]} Re6 {[%emt 0:03:43]} 25. R6f3 {[%emt 0:00:48]} Re4 {[%emt 0:00:33]} 26. h3 {[%emt 0:00:01]} a5 {[%emt 0:04:26]} 27. Ra3 {[%emt 0:00:47]} Re5 {[%emt 0:00:01]} 28. Kg2 {[%emt 0:00:37]} f6 {[%emt 0:01:08]} 29. Raf3 {[%emt 0:00:31]} Rd6 {[%emt 0:00:33]} 30. Rb3 {[%emt 0:00:31]} Rc5 {[%emt 0:01:00]} 31. Rd3 {[%emt 0:00:58]} Rxc4 {[%emt 0:01:04]} 32. Re3 {[%emt 0:00:01]} Rd7 {[%emt 0:00:39]} 33. Re6 {[%emt 0:00:17]} Rf7 {[%emt 0:00:01]} 34. Re8 {[%emt 0:00:44]} h6 {[%emt 0:01:26]} 35. Ra8 {[%emt 0:00:18]} Rc5 {[%emt 0:00:45]} 36. Re2 {[%emt 0:00:27]} h5 {[%emt 0:01:59]} 37. Ra6 {[%emt 0:02:23]} hxg4 {[%emt 0:00:21]} 38. hxg4 {[%emt 0:00:01]} Kh6 39. Kg3 Kg5 {[%emt 0:01:54]} 40. c4 {[%emt 0:00:02]} Rd7 {[%emt 0:00:53]} 41. Re6 {[%emt 0:31:57]} Rd6 {[%emt 0:06:51]} 42. Re4 {[%emt 0:00:00]} f5 {[%emt 0:00:31]} 43. gxf5 {[%emt 0:00:00]} gxf5 {[%emt 0:00:01]} 44. Re2 {[%emt 0:00:00]} Rd3+ {[%emt 0:04:06]} 45. Kf2 {[%emt 0:00:00]} Rd4 {[%emt 0:04:03]} 46. Rc2 {[%emt 0:00:00]} Kf4 {[%emt 0:05:38]} 47. Ra8 {[%emt 0:00:00]} Rdxc4 {[%emt 0:04:01]} 48. Rxc4+ {[%emt 0:00:00]} Rxc4 {[%emt 0:00:03]} 49. Rxa5 {[%emt 0:00:00]} Rc2+ {[%emt 0:00:05]} 50. Kf1 {[%emt 0:00:00]} c5 {[%emt 0:00:26]} 51. Ke1 {[%emt 0:00:00]} Ke3 {[%emt 0:00:33]} 52. Kd1 {[%emt 0:00:00]} Rd2+ {[%emt 0:03:26]} 53. Ke1 {[%emt 0:00:00]} Rh2 {[%emt 0:01:37]} 54. Ra3+ {[%emt 0:00:00]} Kd4 {[%emt 0:00:13]} 55. Rf3 {[%emt 0:00:00]} f4 {[%emt 0:01:22]} 56. a4 {[%emt 0:00:00]} Ra2 {[%emt 0:00:37]} 57. Kd1 {[%emt 0:00:00]} Ke4 {[%emt 0:00:16]} 58. Rc3 {[%emt 0:00:00]} c4 {[%emt 0:01:06]} 59. a5 {[%emt 0:00:00]} Rxa5 {[%emt 0:00:43]} 60. Rxc4+ {[%emt 0:00:00]} Kd3 {[%emt 0:00:02]} 0-1

[Event "Niedersachsen-ch 2020"]
[Site "Verden-Aller"]
[Date "2020.01.04"]
[Round "5.6"]
[White "Knuedel, Torben"]
[Black "Hoerstmann, Rudi"]
[Result "1/2-1/2"]
[WhiteElo "2185"]
[BlackElo "2241"]
[Annotator "NA"]
[PlyCount "84"]
[EventDate "2020.01.02"]
[EventType "swiss"]
[EventCountry "GER"]
[SourceTitle "playchess.com"]
[Source "ChessBase"]
[SourceQuality "1"]
[TimeControl "40/5400+30:1800+30"]

1. e4 {[%emt 0:00:00]} g6 {[%emt 0:00:00]} 2. d4 {[%emt 0:00:00]} Bg7 {[%emt 0:00:00]} 3. Nc3 {[%emt 0:00:00]} d6 {[%emt 0:00:00]} 4. Nge2 {[%emt 0:00:00]} Nd7 {[%emt 0:02:11]} 5. h3 {[%emt 0:04:00]} a6 {[%emt 0:01:02]} 6. g3 {[%emt 0:01:49]} c5 {[%emt 0:01:48]} 7. Be3 {[%emt 0:01:08]} b6 {[%emt 0:00:12]} 8. Bg2 {[%emt 0:00:19]} Rb8 {[%emt 0:00:37]} 9. Qd2 {[%emt 0:06:01]} Bb7 {[%emt 0:12:41]} 10. O-O {[%emt 0:06:06]} Ngf6 {[%emt 0:08:42]} 11. Rad1 {[%emt 0:20:18]} cxd4 {[%emt 0:02:39]} 12. Nxd4 {[%emt 0:09:20]} O-O $11 {[%emt 0:06:59]} 13. Rfe1 {[%emt 0:14:07]} Re8 {[%emt 0:17:40]} 14. f4 {[%emt 0:02:33]} Nc5 {[%emt 0:11:08]} 15. Bf2 {[%emt 0:01:49]} e5 {[%emt 0:18:11]} 16. Nb3 {[%emt 0:03:00]} exf4 {[%emt 0:00:08]} 17. Qxf4 {[%emt 0:08:25]} Nh5 {[%emt 0:00:08]} 18. Qxd6 {[%emt 0:05:15]} Qxd6 {[%emt 0:07:44]} 19. Rxd6 {[%emt 0:00:03]} Bxc3 {[%emt 0:00:44]} 20. bxc3 {[%emt 0:00:04]} Nxe4 {[%emt 0:00:39]} 21. Bxe4 {[%emt 0:09:44]} Bxe4 {[%emt 0:00:09]} 22. Rxb6 {[%emt 0:01:23]} Rxb6 {[%emt 0:02:16]} 23. Bxb6 {[%emt 0:00:07]} Nxg3 {[%emt 0:00:04]} 24. Nc5 {[%emt 0:01:09]} f5 {[%emt 0:00:06]} 25. Kf2 {[%emt 0:01:12]} Nh5 {[%emt 0:02:26]} 26. Nxe4 {[%emt 0:01:20]} fxe4 {[%emt 0:00:06]} 27. Bd4 {[%emt 0:00:56]} Nf4 {[%emt 0:00:55]} 28. h4 {[%emt 0:00:31]} Nd5 {[%emt 0:00:30]} 29. Ke2 {[%emt 0:02:21]} Ne7 {[%emt 0:01:23]} 30. Rb1 {[%emt 0:00:33]} Nf5 {[%emt 0:00:39]} 31. Rb7 {[%emt 0:00:47]} Re6 {[%emt 0:01:06]} 32. Rb8+ {[%emt 0:00:28]} Kf7 {[%emt 0:00:07]} 33. Rb7+ {[%emt 0:00:16]} Re7 {[%emt 0:01:06]} 34. Rb6 {[%emt 0:00:14]} Re6 {[%emt 0:01:50]} 35. Rb7+ {[%emt 0:00:04]} Re7 {[%emt 0:00:03]} 36. Rb6 {[%emt 0:00:04]} e3 {[%emt 0:00:54]} 37. Rxa6 {[%emt 0:00:54]} Ng3+ {[%emt 0:00:32]} 38. Ke1 {[%emt 0:00:18]} Nf5 {[%emt 0:00:45]} 39. Ke2 {[%emt 0:00:48]} Re4 {[%emt 0:00:38]} 40. Ra7+ {[%emt 0:00:54]} Kg8 {[%emt 0:00:33]} 41. Ra8+ {[%emt 0:05:42]} Kf7 {[%emt 0:00:12]} 42. Ra7+ {[%emt 0:00:17]} Kg8 1/2-1/2

[Event "Niedersachsen-ch 2020"]
[Site "Verden-Aller"]
[Date "2020.01.04"]
[Round "5.7"]
[White "Haerig, Wilfried"]
[Black "Pubantz, Jan"]
[Result "0-1"]
[WhiteElo "2161"]
[BlackElo "2233"]
[Annotator "NA"]
[PlyCount "90"]
[EventDate "2020.01.02"]
[EventType "swiss"]
[EventCountry "GER"]
[SourceTitle "playchess.com"]
[Source "ChessBase"]
[SourceQuality "1"]
[TimeControl "40/5400+30:1800+30"]

1. e4 {[%emt 0:00:00]} c6 {[%emt 0:00:00]} 2. d4 {[%emt 0:00:00]} d5 {[%emt 0:00:00]} 3. e5 {[%emt 0:00:00]} Bf5 {[%emt 0:00:00]} 4. Be3 {[%emt 0:00:16]} e6 {[%emt 0:00:17]} 5. Nf3 {[%emt 0:00:54]} Ne7 {[%emt 0:10:45]} 6. Nbd2 {[%emt 0:00:58]} Bg6 {[%emt 0:00:50]} 7. Nh4 {[%emt 0:00:49]} Nf5 {[%emt 0:00:55]} 8. Nxf5 {[%emt 0:00:42]} Bxf5 {[%emt 0:00:07]} 9. Be2 {[%emt 0:00:28]} c5 {[%emt 0:09:00]} 10. Bb5+ {[%emt 0:10:44]} Nc6 {[%emt 0:04:50]} 11. c4 {[%emt 0:01:20]} Rc8 {[%emt 0:22:54]} 12. dxc5 {[%emt 0:15:20]} d4 {[%emt 0:01:23]} 13. Bf4 {[%emt 0:00:09]} Bxc5 {[%emt 0:00:27]} 14. a3 {[%emt 0:04:46]} d3 $17 {[%emt 0:03:53]} 15. O-O {[%emt 0:10:12]} Qd4 {[%emt 0:09:47]} 16. Nb3 {[%emt 0:19:49]} Qxf4 {[%emt 0:00:10]} 17. Nxc5 {[%emt 0:00:05]} O-O {[%emt 0:07:06]} 18. Bxc6 bxc6 {[%emt 0:00:53]} 19. Nxd3 {[%emt 0:07:58]} Qxc4 {[%emt 0:00:21]} 20. Nb4 {[%emt 0:02:13]} c5 {[%emt 0:00:31]} 21. Na2 {[%emt 0:01:45]} Rfd8 {[%emt 0:05:57]} 22. Qc1 {[%emt 0:01:32]} Qb3 {[%emt 0:12:40]} 23. Nc3 {[%emt 0:03:14]} Rb8 {[%emt 0:01:38]} 24. Rd1 {[%emt 0:03:13]} Rd4 {[%emt 0:01:37]} 25. Rd2 {[%emt 0:09:31]} Rxd2 {[%emt 0:01:43]} 26. Qxd2 {[%emt 0:00:04]} Qxb2 {[%emt 0:00:33]} 27. Qxb2 {[%emt 0:02:28]} Rxb2 {[%emt 0:00:01]} 28. Rc1 {[%emt 0:00:51]} c4 {[%emt 0:01:49]} 29. Kf1 {[%emt 0:00:53]} Bd3+ {[%emt 0:00:36]} 30. Kg1 {[%emt 0:02:44]} Kf8 {[%emt 0:00:07]} 31. f4 {[%emt 0:01:17]} Ke7 {[%emt 0:00:17]} 32. Nd1 {[%emt 0:00:26]} Rb3 {[%emt 0:00:58]} 33. a4 {[%emt 0:00:56]} Rb4 {[%emt 0:02:19]} 34. a5 {[%emt 0:00:20]} Ra4 {[%emt 0:00:45]} 35. Nb2 {[%emt 0:00:02]} Rxa5 {[%emt 0:00:33]} 36. Nxd3 {[%emt 0:01:24]} cxd3 {[%emt 0:00:04]} 37. Kf2 {[%emt 0:00:34]} Rd5 {[%emt 0:00:23]} 38. Ke3 {[%emt 0:00:31]} d2 {[%emt 0:00:22]} 39. Rd1 {[%emt 0:00:03]} Kd7 {[%emt 0:00:19]} 40. g4 {[%emt 0:00:49]} Kc6 {[%emt 0:00:26]} 41. h4 {[%emt 0:04:30]} Kc5 {[%emt 0:00:57]} 42. h5 {[%emt 0:00:52]} Kc4 {[%emt 0:01:26]} 43. g5 {[%emt 0:05:13]} Kc3 {[%emt 0:02:05]} 44. Ke4 {[%emt 0:01:45]} Kc2 {[%emt 0:01:43]} 45. Rxd2+ {[%emt 0:00:56]} Rxd2 {[%emt 0:00:09] Kd4} 0-1